The image of virgin Mary in Chosun white porcelain

Na minha lista:
Detalhes bibliográficos
Autor principal: Suh, Ki-Won (Author)
Formato: Livro
Idioma:inglês
Publicado em: Seúl Dong-Suh-Munhak-Sa 1990
Assuntos:
Tags: Adicionar Tag
Sem tags, seja o primeiro a adicionar uma tag!

MARC

LEADER 00000nam a2200000 a 4500
001 UCX3395
003 CL-VaPUC
008 911104e19900000KO |||||||||||||||||eng|d
082 0 4 |a 895.73  |b SUH  |2 21 
100 0 |a Suh, Ki-Won  |e author  |9 319545 
245 1 4 |a The image of virgin Mary in Chosun white porcelain 
300 |a 245 p 
942 |c BK 
945 |d 19911104 00:00:00 
260 |a Seúl  |b Dong-Suh-Munhak-Sa  |c 1990 
650 7 |a NOVELAS COREANAS  |2 CL-VaPUC  |9 318922 
583 |a last modification  |c 19911104 00:00:00  |k Rodrigo Vera 
999 |c 224165  |d 224163 
952 |0 0  |1 0  |4 0  |6 895_730000000000000_SUH_1990  |7 0  |8 A  |9 220626  |a BIBGIM  |b BIBGIM  |d 2019-11-15  |i 2893568  |o 895.73 SUH 1990  |p 2893568  |r 2025-01-15  |w 2019-11-15  |y BK  |k ORI